000 01375namaa2200361 i 4500
003 EG-GICUC
005 20260114131735.0
008 260114s2000 mr ||||gr|||| 100 0 eng d
020 _a998182917X
040 _aEG-GiCUC
_beng
_cEG-GiCUC
_dEG-GiCUC
_erda
041 _aeng
_afre
_aara
082 0 4 _221
_a305.42
_bM9922 1999
092 0 4 _221
_a305.42
_bM9922 1999
099 _a305.42 M9922 1999
100 1 _eAuthor.
245 0 0 _aMouvements féministes :
_borigines et orientations /
_cpréparé par Fatima Sadiqi ... [et al.].
246 1 5 _aFeminist movements
246 1 5 _aالحركات النسائية :
_bالأسس و التوجهات
264 _aDhar el-Mehraz, Fès :
_bUniversité Sidi Mohamed ben Abdallah, Faculté des lettres et des sciences humaines, Centre d'études et de recherches sur la femme,
_c[2000].
300 _a214, 100 pages ;
_c22 cm.
336 _2rdacontent
_atext
337 _2rdamedia
_aUnmediated
338 _2rdacarrier
_avolume
500 _aEnglish, French, and Arabic.
504 _a.
541 _aDr. Jabir Usfour ;
_bCairo ;
_cGift ;
_d2024.
650 1 _aFeminism
_vCongresses.
_2qrmak
651 1 _2qrmak
700 1 _aSadiqi, Fatima
_910525
710 _aJāmiʻat Sīdī Muḥammad ibn ʻAbd Allāh.
_bMarkaz al-Dirāsāt wa-al-Abḥāth ḥawla al-Marʼah.
905 _aAsmaa
942 _2ddc
_cBK
_e21
_n0
999 _c177692
_d177692